000 00431nam a2200145Ia 4500
003 OSt
005 20260114162419.0
008 211028s2012 xx 000 0 und d
040 _cAIMIT LIBRARY
041 _aeng
100 _aDias, Linel; Suresh, Rajani.
_g1016050
_96923
245 _aStudy on the customer conversion rate at cauvery ford dealership Mangalore /
260 _aMangalore
_bSuresh, Rajani
_c2012
942 _2ddc
_cPRO
999 _c218493
_d218493